00665nam a2200145 a 45000080041000000200015000410410008000561000021000642450111000852500036001962600056002323000051002885000165003396550015005040311 t1999||||ag a g |||| 001 1|spa d a9509807451 aspa1 aHelft, Nicolás aCrítica. Revista Multicolor de los sábados 1933-1934.bEdición completa en CD-rom /cNicolás Helft a1a ed.bPrólogo Horacio Salas aBuenos Aires: bFondo Nacional de las Artes;c1999. a83 p.eCD-Rom y Folleto de la revista original aHelft, N. (1999). Crítica. Revista multicolor de los sábados 1933-1934. Edición completa con CD-rom. (1a ed.). Buenos Aires : Fondo Nacional de las Artes. aLiteratura